[Event "Harrogate 4NCL op-B 31st"]
[Site "Harrogate"]
[Date "2024.01.19"]
[Round "1"]
[White "Waters, Andrew"]
[Black "Meredith, Daniel"]
[Result "1/2-1/2"]
[WhiteElo "1920"]
[BlackElo "1778"]
[PlyCount "90"]
[EventDate "2024.01.19"]
[EventType "swiss"]
[EventRounds "5"]
[EventCountry "ENG"]
[SourceTitle "CB06_2024"]
[SourceDate "2024.02.07"]
[SourceVersion "1"]
[SourceVersionDate "2024.02.07"]
[SourceQuality "1"]

1. e4 c5 2. c3 Nf6 3. e5 Nd5 4. d4 cxd4 5. cxd4 d6 6. Nf3 Nc6 7. Be2 g6 8. 0-0 Bg7 9. exd6 Qxd6 10. Nc3 Bf5 11. Nb5 Qd7 12. Be3 0-0 13. Qd2 Nxe3 14. fxe3 e5 15. dxe5 Qxd2 16. Nxd2 Bxe5 17. e4 Be6 18. Nc4 Bxc4 19. Bxc4 Bxb2 20. Rad1 Ne5 21. Bd5 Rac8 22. Rb1 Rc2 23. Rf2 Rfc8 24. Bb3 Rc1+ 25. Rf1 Rxf1+ 26. Kxf1 Rc1+ 27. Rxc1 Bxc1 28. Nxa7 Be3 29. Nb5 b6 30. Ke2 Bc5 31. Nc3 Kg7 32. Nd5 h6 33. h3 Kf8 34. Ba4 Kg7 35. Bb5 f6 36. a4 h5 37. Nf4 Kh6 38. Ne6 Bd6 39. Ke3 g5 40. Kd4 Kg6 41. Kd5 Bb8 42. Nf8+ Kg7 43. Nd7 Nxd7 44. Bxd7 Bg3 45. Ke6 h4 1/2-1/2

[Event "Harrogate 4NCL op-C 29th"]
[Site "Harrogate"]
[Date "2023.01.21"]
[Round "2"]
[White "Meredith, Daniel"]
[Black "Ainsley, Geoff J"]
[Result "0-1"]
[WhiteElo "1659"]
[BlackElo "1562"]
[PlyCount "74"]
[EventDate "2023.01.20"]
[EventType "swiss"]
[EventRounds "5"]
[EventCountry "ENG"]
[SourceTitle "CBM 212 Extra"]
[Source "ChessBase"]
[SourceDate "2023.03.31"]
[SourceVersion "1"]
[SourceVersionDate "2023.03.31"]
[SourceQuality "1"]

1. e4 e5 2. Nf3 Nc6 3. Bc4 Nf6 4. Ng5 d5 5. exd5 Na5 6. Bb5+ c6 7. dxc6 bxc6 8. Bd3 h6 9. Ne4 c5 10. Qe2 Be7 11. Nbc3 Bb7 12. Nxf6+ Bxf6 13. Be4 Qd7 14. d3 Rd8 15. Be3 Be7 16. Rd1 a6 17. 0-0 Bc6 18. Bf3 0-0 19. Ne4 Bxe4 20. Bxe4 Nc6 21. c3 Rfe8 22. f4 exf4 23. Rxf4 Bg5 24. Rf3 Rxe4 25. Qf2 Bxe3 26. Rxe3 Rxe3 27. Qxe3 Qe7 28. Qf3 Qe6 29. d4 cxd4 30. Qf1 Qe3+ 31. Kh1 dxc3 32. bxc3 Rxd1 33. Qxd1 Qxc3 34. h3 Ne5 35. Qd5 Qe1+ 36. Kh2 Ng6 37. Qa8+ Kh7 0-1

[Event "Harrogate 4NCL op-C 27th"]
[Site "Harrogate"]
[Date "2022.01.22"]
[Round "2"]
[White "Wright, George A"]
[Black "Meredith, Daniel"]
[Result "1-0"]
[WhiteElo "1551"]
[BlackElo "1440"]
[PlyCount "27"]
[EventDate "2022.01.21"]
[EventType "swiss"]
[EventRounds "5"]
[EventCountry "ENG"]
[SourceTitle "CBM 206 Extra"]
[Source "ChessBase"]
[SourceDate "2022.03.31"]
[SourceVersion "1"]
[SourceVersionDate "2022.03.31"]
[SourceQuality "1"]

1. b3 e5 2. Bb2 Nc6 3. e3 d5 4. Bb5 Bd6 5. c4 Nge7 6. Nf3 Bg4 7. h3 Bxf3 8. Qxf3 dxc4 9. Bxc4 0-0 10. a3 Qd7 11. Nc3 Rfe8 12. Ne4 Nf5 13. Qg4 Rad8 14. Nf6+ 1-0